Дело о проекте новых правил о пользовании завещанными на учреждение стипендий доходами с земли и капиталов С.В. Колычева

Доступно только в Электронных читальных залах Найти на картеНа карте
RUSMARC
00003718nmc2a22002413x 450
00179c36e67-0fee-4e42-ac0e-19039f6e85ea
00520220117144106.0
100##$a20210830l18941895k l0rusy0189 ca
1010#$arus
102##$aRU
105##$ay###
1222#$ad
2001#$aДело о проекте новых правил о пользовании завещанными на учреждение стипендий доходами с земли и капиталов С.В. Колычева
$j11 мая 1894 г. - 16 февраля 1895 г.
215##$a12 л.
$d36,5х26 см
251##$cДело
300##$aДело
371##$aДокумент не является опубликованным и широко распространяемым
461#0$1001a74412a3-3cc5-4d21-8f0a-dfe2fbd9e72d
$12001
$aДепартамент народного просвещения Министерства народного просвещения (1803-1917)
$1251
$cФонд
$1852
$j733
462#0$1001b33464f2-4bc4-41e3-b4bc-525e855f0eb0
$12001
$aДела разряда общих дел Министерства народного просвещения
$1251
$cОпись
$1852
$j194
801#0$aRU
$bРГИА
$c20210830
$gRCR
801#1$aRU
$bГлавНИВЦ
$c20210830
$2rusmarc
801#2$aRU
$bПБ им. Б.Н. Ельцина
$c20220117
$gRCR
$2rusmarc
850##$aРГИА
852##$aРГИА
$eФедеральное казенное учреждение "Российский государственный исторический архив" (РГИА)
$j1544
937##$hРГИА
$d12367081
$aASBIBLIO_SCAN
035##$aRusGRCC00034911
856##$uhttp://readingroom.main.prlib.ru/item.aspx?id_node=n172710611&mode=full
Формат отображения